The agricultural outlook.

Bibliographic Details
New Title:OCED agricultural outlook
Uniform Title:Agricultural outlook (Paris, France)
Corporate Author: Organisation for Economic Co-operation and Development
Format: Journal
Language:English
Published: Paris : Organisation for Economic Co-operation and Development, 1995-
Subjects:

MARC

Tag First Indicator Second Indicator Subfields
LEADER 00000cas a2200000 a 4500
001 in00001298721
005 20151005051035.0
008 950412d19951998fr ar p i0 0eng d
010 |a  95648360   |z sn 95032324  
035 |a (OCoLC)32294822 
035 |9 AHA5446AM 
040 |a PLF  |c PLF  |d NTE  |d IAY  |d HUL  |d DLC  |d CLU  |d GUA  |d DLC  |d EYM  |d AGL  |d UtOrBLW 
042 |a lc 
049 |a TXAE 
050 0 0 |a HD1401  |b .A338 
070 0 |a HD1401.A48 
072 0 |a E100 
130 0 |a Agricultural outlook (Paris, France) 
245 1 4 |a The agricultural outlook. 
264 1 |a Paris :  |b Organisation for Economic Co-operation and Development,  |c 1995- 
300 |a 4 volumes :  |b illustrations ;  |c 27 cm. 
310 |a Annual 
336 |a text  |b txt  |2 rdacontent 
337 |a unmediated  |b n  |2 rdamedia 
338 |a volume  |b nc  |2 rdacarrier 
362 0 |a 1995 ed.- 1998 ed. 
500 |a Title from cover. 
515 |a Issue for 1995 also called: 1995-2000; 1996: Trends and issues to 2000; 1997-1998: 1997-2001-1998-2003. 
580 |a Issued also in French with title: Perspectives agricoles. 
580 |a Complemented by: Agricultural commodities outlook database. 
650 0 |a Agriculture  |x Economic aspects  |x Forecasting  |x Periodicals. 
650 0 |a Agriculture and state  |x Periodicals. 
650 0 |a Agriculture  |x Economic aspects  |v Statistics  |v Periodicals. 
710 2 |a Organisation for Economic Co-operation and Development. 
775 1 |t Perspectives agricoles  |w (DLC)sc 84007309  |w (OCoLC)10303593 
785 0 0 |t OCED agricultural outlook  |w (DLC)sn 99038157  |w (OCoLC)41394321 
787 1 |t Agricultural commodities outlook database  |w (DLC)sn 98034158  |w (OCoLC)38583057 
949 |a updated  |b h  |c 2001/1/3  |e bstringf  |f 12:09:13 pm 
999 |a MARS 
999 f f |s 248d91b8-1f48-3455-8801-b6a9aa812dff  |i d3b6a095-269f-3851-ac55-61f1e94850bf  |t 0 
952 f f |p normal  |a Texas A&M University  |b College Station  |c Sterling C. Evans Library  |d Evans: Library Stacks  |t 0  |e HD1401 .A338  |h Library of Congress classification  |i unmediated -- volume  |l 1998/2003  |m A14831160131 
952 f f |p ric  |a Texas A&M University  |b Rellis Campus  |c Joint Library Facility  |d Remote Storage  |t 0  |e HD1401 .A338  |h Library of Congress classification  |i unmediated -- volume  |l 1998/2003  |m A14822456096 
952 f f |p ric  |a Texas A&M University  |b Rellis Campus  |c Joint Library Facility  |d Remote Storage  |t 0  |e HD1401 .A338  |h Library of Congress classification  |i unmediated -- volume  |l 1995/2000  |m A14819867068 
952 f f |p ric  |a Texas A&M University  |b Rellis Campus  |c Joint Library Facility  |d Remote Storage  |t 0  |e HD1401 .A338  |h Library of Congress classification  |i unmediated -- volume  |k 2001/2006  |m A14827218061 
952 f f |p ric  |a Texas A&M University  |b Rellis Campus  |c Joint Library Facility  |d Remote Storage  |t 0  |e HD1401 .A338  |h Library of Congress classification  |i unmediated -- volume  |l 1997/2001  |m A14820970400 
952 f f |p ric  |a Texas A&M University  |b Rellis Campus  |c Joint Library Facility  |d Remote Storage  |t 0  |e HD1401 .A338  |h Library of Congress classification  |i unmediated -- volume  |l 1996/2000  |m A14820442677 
998 f f |a HD1401 .A338  |s 1998/2003  |t 0  |l Evans: Library Stacks 
998 f f |a HD1401 .A338  |s 1995/2000-1998/2003,2001/2006  |t 0  |l Remote Storage